"Az 'idegen' és az 'ellenség' szavak szinonimák"
Elmentve itt :
| Szerző: | |
|---|---|
| Adatforrás: | Philobibl |
| Forrásdokumentuma: | Korunk 26.2015:9. p. 46-49. |
| Dokumentumtípus: | Cikk |
| Nyelv: | magyar |
| Kulcsszavak: | idegen idegenség Rousseau, J.-J. nemzet nacionalizmus felvilágosodás egyenlőség identitás |
| LEADER | 00518nab a2200193 c 4500 | ||
|---|---|---|---|
| 001 | bibPHI0044919 | ||
| 005 | 20200924125357.4 | ||
| 008 | 151016s2015 rm hun | ||
| 100 | 1 | |a Ludassy Mária | |
| 245 | 1 | 5 | |a "Az 'idegen' és az 'ellenség' szavak szinonimák" |c Ludassy Mária |
| 695 | |a idegen | ||
| 695 | |a idegenség | ||
| 695 | |a Rousseau, J.-J. | ||
| 695 | |a nemzet | ||
| 695 | |a nacionalizmus | ||
| 695 | |a felvilágosodás | ||
| 695 | |a egyenlőség | ||
| 695 | |a identitás | ||
| 773 | 0 | |t Korunk |g 26.2015:9. p. 46-49. | |